Statistics for Red Yashin quiz

Click here to take the quiz!

General Stats

  • This quiz has been taken 8 times
  • The average score is 7 of 25

Answer Stats

QuestionAnswer% Correct
What country does Yashin live in?Canada
100%
How old is Yashin15
71%
What team does Yashin support?Borussia Dortmund
71%
Does Yashin prefer Messi or Ronaldo?Messi
71%
How many countries has Yashin visited?
6
57%
Where is Yashin's family from?Iran
57%
Who is Yashin's favorite player?Marco Reus
43%
Which city was Yashin born in?Vancouver/Burnaby
43%
What team does Yashin's dad support?Bayern Munich
29%
Which alt did Yashin share with multiple users?Danni Lee Out
29%
What country did Yashin's second alt come from?Germany
29%
Who did Yashin's alt claim to be the cousin of?Antonis
14%
Which country does Yashin's maternal grandfather have heritage from?Azerbaijan
14%
Who is Yashin's favorite female player?Christine Sinclair
14%
What is Yashin's favorite Iranian team?Persepolis
14%
Who was considered to be Yashin's "main account?"Carbon
0%
Which user did Yashin have his first beef with?Jack Dowd
0%
Who was Yashin's first alt?JAMES MILNER!!!!
0%
What is Yashin's political ideology?Marxism
0%
Which user did the second alt hate?MaxFCB
0%
When did Yashin stop being a "Lewandisney fanboy"MLS All-Stars 2014
0%
Which footballer does Yashin hate?Phil Foden
0%
Who is Yashin's favorite actor?Ryan Reynolds
0%
What is Yashin's Discord username?Squidward Tentacles
0%
In the HEH leagues, Yashin was notorious for getting relegated many times. Which team did he get 4 consecutive relegations with?Watford
0%

Score Distribution

Percentile by Number Answered

Percent of People with Each Score

Your Score History

You have not taken this quiz